| 000 | 01372nam a2200313 i 4500 | ||
|---|---|---|---|
| 003 | EG-ScBUE | ||
| 005 | 20240121091914.0 | ||
| 008 | 100628s1994 ua f b 000 0 ara d | ||
| 017 | _a94 / 11818 | ||
| 020 | _a977257222X | ||
| 040 |
_aEG-ScBUE _bara _erda _cEG-ScBUE _dEG-ScBUE |
||
| 043 |
_af-ua--- _ae-uk--- |
||
| 082 | 0 | 4 |
_222 _a962.05 _bح ش ي |
| 100 | 1 |
_915380 _aحشيش، محمد فريد، _eمؤلف. |
|
| 245 | 1 | 0 |
_aمعاهدة 1936 : _bوأثرها في العلاقات المصرية البريطانية حتى نهاية الحرب العالمية الثانية (1945) / _cدكتور محمد فريد حشيش. |
| 250 | _aالطبعة الأولى. | ||
| 264 | 1 |
_aالقاهرة : _bالزهراء للإعلام العربي، _c1994. |
|
| 300 |
_a510 صفحة ؛ _c25 سم |
||
| 336 |
_2rdacontent _aنص _btxt |
||
| 337 |
_aبدون وسيط _2rdamedia _bn |
||
| 338 |
_aمجلد _bnc _2rdacarrier |
||
| 504 | _aيشتمل على إرجاعات ببليوجرافية. | ||
| 541 |
_aألف باء ؛ _cشراء ؛ |
||
| 651 | 7 |
_913311 _aمصر _xتاريخ _yالعصر الحديث _yالملك فاروق (1936-1952). _2BUEsh |
|
| 651 | 7 |
_98095 _aمصر _xعلاقات خارجية _zبريطانيا. _2BUEsh |
|
| 651 | 7 |
_aبريطانيا _xعلاقات خارجية _zمصر. _2BUEsh |
|
| 655 | _vReading book | ||
| 942 |
_2ddc _cBB |
||
| 999 |
_c14264 _d14264 |
||